000 01349cam a22002054a 4500
005 20250827113855.0
008 250528s ||||||||||||||||||||||||d
035 _a20958
020 _a9780136108054
040 _aGR-AtMCL
_bgre
_dGR-AtMCL
_eAACR2
245 1 _aNetwork Security Essentials / Applications and Standards
250 _a4th
260 _bPrentice Hall,
_c2011
300 _a418
520 _aThis is the only book that provides integrated, comprehensive, up-to-date coverage of Internet-based security tools and applications. Cryptography, Symmetric Encryption and Message Confidentiality, Public-Key Cryptography and Message Aunthentication, Network Security Applications, Key Distribution and User Authentication, Transport-Level Security, Wireless Network Security, Electronic Mail Security, IP Security, System Security, Intruders, Malicious Software, Firewalls, Some Aspects of Number Theory, Projects for Teaching Network Security, Online Chapters, Network Management Security, Legal and Ethical Aspects, Standards and Standards-Setting Organizations, TCP/IP and OSI, Pseudorandom Number Generation, Kerberos Encryption Techniques, Data Compression Using ZIP, PGP Random Number Generation, The International Reference Alphabet.
700 1 _aStallings, William
_91498
942 _cBK
999 _c6035
_d6035